00708nam a2200205 i 450000100060000000300090000600500170001500700030003200800410003524500670007625000150014326000320015830000220019049000360021270000390024883000440028785200320033199900170036395201220038039771ES-MaACL20240606094857.0t|030304s1969 sp ||||1| spa d00aCante flamenco / c[selección y estudio por Ricardo Molina]. a[2ª ed.]. aMadrid : bTaurus, c[1969] a162 p. ; c18 cm.1 aSer y tiempo. Temas de España0 aMolina, Ricardo,d1916-19689819020 aSer y tiempo. Temas de España9181807 aES-MaACLjC-53494 bR.72503 c39771d39771 00104070aATENEOMbATENEOMcDEPO2d2008-01-17eSCl0oC-53494p1041881r2023-02-23 00:00:00w2023-02-23yMONOGRAFIA